Smery vedúce k zodolneniu energetických prenosových ciest vyvolaných klimatickými zmenami

Podrobná bibliografia
Hlavný autor: Bartoš, Marian (Author)
Médium: Článok
Jazyk:Slovak
Témy:
Zdroj: 1. Zváranie = Svařování 1. Roč. 61, č. 3-4 (2012), s. 63-70 1. 0044-5525
LEADER 00901nab#a2200325#ar4500
001 000109113
003 SVKKK
005 20121102105125.0
008 110126c2012 xo |||||||||||||||b|slo
FMT
015 |a SNBRB2012/11 
038 |a SVKKK 
040 |a SVKKK  |b slo  |e AACR2 
041 0 |a slo  |b slo 
044 |a xo  |c SK 
080 |a 621.315.66  |2 1997 
080 |a 551.583  |2 1997 
100 1 |a Bartoš, Marian  |4 aut 
245 1 0 |a Smery vedúce k zodolneniu energetických prenosových ciest vyvolaných klimatickými zmenami  |c Marian Bartoš 
300 |b Obr., tab. 
546 |a Res. slov. 
650 0 4 |a stožiare  |x vlastnosti 
650 0 4 |a prenosové vzdušné vedenia  |x havárie  |x klimatické zmeny  |x vplyvy 
773 0 |t Zváranie = Svařování  |g Roč. 61, č. 3-4 (2012), s. 63-70  |x 0044-5525 
974 |a MI 
992 |a RBX 
BAS
852 |a SVKKK  |b BIB 
EXP
998 |a HUT